| 000 | 00754nam a2200241 a 4500 | ||
|---|---|---|---|
| 001 | BRCA_5790 | ||
| 005 | 20190320205221.0 | ||
| 008 | 100311s2007----enka######---#000-0#eng-# | ||
| 020 | _a9781858944098 | ||
| 020 | _a1858944090 | ||
| 041 | _aeng | ||
| 044 | _aenk | ||
| 050 | 4 |
_aN582 _b.S64 2007 |
|
| 245 | 1 | 0 |
_aThe Speed Art _bHighlights from the Collection. |
| 260 |
_aLondres : Nueva York _bMerrell : The Speed Art Museum _c2007 |
||
| 300 |
_a240 p. _bil. a color _c23 cm. |
||
| 500 | _aIncluye glosario e índice alfabético | ||
| 504 | _aBibliografía: p. 234-235 | ||
| 610 | 2 | 4 |
_aJ. B. Speed Art Museum _vCatálogos _914680 |
| 650 | 1 | 4 |
_aArte _vCatálogos _zKentucky _zLouisville _914681 |
| 710 | 2 |
_aJ. B. Speed Art Museum _914682 |
|
| 942 |
_2lcc _cB |
||
| 999 |
_c5479 _d5479 |
||